Plastoferitové kompozity so zníženou horľavosťou pre extrúzne technológie : Diplomová práca

Gespeichert in:
Bibliographische Detailangaben
1. Verfasser: Tršková, Michaela (Verfasst von)
Weitere Verfasser: Kalužný, Ján, 1947- (xxx)
Format: Manuskript Buch
Sprache:Slowakisch
Veröffentlicht: Trnava : STU v Bratislave MtF KMI, 2000
Schlagworte:
Tags: Tag hinzufügen
Keine Tags, Fügen Sie das erste Tag hinzu!

MARC

LEADER 00000ntm a22000003a 4500
001 stu85634
005 20160719154729.1
008 040405s2000----xo------------------slo-d
040 |a STU  |b slo 
041 0 |a slo 
044 |a xo 
100 1 |a Tršková, Michaela  |4 aut 
245 1 |a Plastoferitové kompozity so zníženou horľavosťou pre extrúzne technológie :  |b Diplomová práca 
260 |a Trnava :  |b STU v Bratislave MtF KMI,  |c 2000 
300 |a 78 s 
650 7 |a materiálové inžinierstvo  |2 stusub 
650 7 |a spracovanie a aplikácia plastov  |2 stusub 
700 1 |a Kalužný, Ján,  |d 1947-  |4 xxx  |u M240  |U MTF Ústav materiálov  |T MTF Katedra nekovových materiálov  |X 310  |U M240  |Y M240  |7 A000000310